La Baixa edat mitjana = La Baja edad media = Le Bas moyen-age : annals de la 2na. Universitat d'Estiu Andorra 83 annals de la 2na. Universitat d'Estiu Andorra 83
Descripción Física:
259 p. ; 24 cm
MARC
| LEADER | 00000nam a2200000Ia 4500 | ||
|---|---|---|---|
| 001 | 7676 | ||
| 003 | BGR | ||
| 005 | 20260324175418.0 | ||
| 008 | 160829s1984 xx 000 0 cat d | ||
| 080 | |a H-1-108 | ||
| 100 | |a Universitat d'Estiu Andorra (2a : Andorra : 1982) |9 32482 | ||
| 245 | |a La Baixa edat mitjana = La Baja edad media = Le Bas moyen-age : |b annals de la 2na. Universitat d'Estiu Andorra 83 | ||
| 260 | |a Andorra : |b Conselleria d'Educació i Cultura, |c 1984 | ||
| 300 | |a 259 p. ; |c 24 cm | ||
| 650 | |a Edat mitjana |9 32483 | ||
| 650 | |a Història medieval |9 32484 | ||
| 710 | 1 | |9 70319 |a Andorra |b Conselleria d'Educació i Cultura | |
| 901 | |a Arxiu | ||
| 942 | |n 1 |2 udc |c MON | ||
| 952 | |0 0 |1 0 |4 0 |6 H1108 |7 1 |9 46001 |a Arxiu |b Arxiu |d 2016-12-01 |l 0 |o H-1-108 |p 7676 |r 2016-12-01 00:00:00 |w 2016-12-01 |y ARXIU | ||
| 999 | |c 49502 |d 49502 | ||